000 00357nam a22001697a 4500
003 UA-OsUOA
001 4739
007 ta
008 20050721b un ||||| |||| 00| 0 ukr d
100 _aKearns
700 _aGeorge
942 _cBK
040 _aUA-OsUOA
_cUA-OsUOA
_dUA-OsUOA
245 _aAmerican Literature.
_bLiterature
955 _a2
650 7 _2UDC
999 _c290901
_d290901